ნორმალური ფორმატი
MARC ფორმატი
ჩანაწერი Topical Term
ჩანაწერთა რაოდენობა, რომელიც გამოყენებულია: 1
001 - CONTROL NUMBER
- control field: 360
003 - CONTROL NUMBER IDENTIFIER
- control field: GE_BSU
005 - DATE AND TIME OF LATEST TRANSACTION
- control field: 20190422200751.0
008 - FIXED-LENGTH DATA ELEMENTS
- fixed length control field: 190422|| aca||aabn | a|a d
040 ## - CATALOGING SOURCE
- Original cataloging agency: GE_BSU
- Transcribing agency: GE_BSU
150 ## - HEADING--TOPICAL TERM
- Topical term or geographic name entry element: Государство и право. Юридические науки -- Международное публичное право -- Война и международное право -- Защита жертв войны -- Учебник для высшей школы
670 ## - SOURCE DATA FOUND
- Source citation: Work cat.: (GE_BSU)0: Батырь, Вячеслав Анатольевич 359, Международное гуманитарное право :, 2006
